| 000 | 00910nam a22002177a 4500 | ||
|---|---|---|---|
| 999 |
_c16523 _d16523 |
||
| 003 | AR-CdUCM | ||
| 008 | 190503b ||||| |||| 00| 0 spa d | ||
| 040 |
_aMUNICIPALIDAD PROVINCIAL DEL CUSCO _cBIBLIOTECA MUNICIPAL DEL CUSCO |
||
| 082 |
_a335.4 / _bL45 |
||
| 100 |
_aLenin, Vladimir Ilich _92193 |
||
| 245 |
_aLa guerra y la humanidad : _bpara la liberación de los pueblos coloniales y semicoloniales / |
||
| 260 |
_aMéxico, D.F : _bEdit. Frente Cultural, |
||
| 300 |
_a186 paginas ; _c18 cm. |
||
| 505 | _aContenido : La guerra y la humanidad -- Los principios del socialismo -- Las clases y los partidos en Rusia -- La reconstrucción de la internacional -- Historia de la posición actual de la social democracia Rusia... | ||
| 650 |
_aGuerra _91007 |
||
| 650 |
_aLa humanidad _936016 |
||
| 650 |
_aSocialismo _91037 |
||
| 650 |
_aRusia _9499 |
||
| 942 |
_2ddc _cLIBROS |
||
| 945 |
_awnts _d2019-05-3 |
||